000 00437nam a22001817a 4500
003 MPLRDC
005 20220104144251.0
008 210129b ||||| |||| 00| 0 eng d
082 _a797.88 CQ
100 _a常青
245 _a中国石窟寺的奥秘
_c
250 _a初版
260 _a
_b中天出版社
_c1999
300 _b
490 _a发现中国. 004
650 _a中国古物志--石窟
942 _cBK
_o797.88 CQ
999 _c47965
_d47955